000 01512nam1a2200277 i 4500
001 RU\NLR\bibl\864984
005 20260407084502.0
035 _a(NLR Aleph) 000853641
090 _a1495794
_c1495794
100 _a20051102g20059999u y0rusy50 ca
101 0 _arus
102 _aRU
105 _ay |||||||||
200 1 _aИнформация о деятельности депутатов Ассамблеи представителей коренных малочисленных народов Севера Думы автономного округа...
_fРос. Федерация, Дума Ханты-Манс. автоном. округа - Югры, Ассамблея представителей кор. малочисл. народов Севера
210 _aХанты-Мансийск
_cПолиграфист
_d2005
215 _d21
463 0 _1001828090
601 0 2 _aАссамблея представителей коренных малочисленных народов Севера
_cХанты-Мансийский автономный округ
_92401291
_3RU\NLR\auth\661431361
686 _aХ620.612.299(2Р-4Тю-6Х)
711 0 2 _4070
_aАссамблея представителей коренных малочисленных народов Севера
_cХанты-Мансийск
_3RU\NLR\AUTH\8810045520
_9590522
801 0 _aRU
_bNLR
_c20051102
_grcr
801 1 _aRU
_bNLR
_c20051102
852 _aNLR
_j2005-4/26047
942 _cBOOK